| 000 | 01030nam0a22003011 4500 | ||
|---|---|---|---|
| 001 | v19\rc\1384130 | ||
| 005 | 20250618091720.0 | ||
| 035 | _a(NLR Aleph) 004518381 | ||
| 090 |
_a4840875 _c4840875 |
||
| 100 | _a20060512g18691870|||y0rusy50 ca | ||
| 101 | 1 |
_arus _cfre |
|
| 102 | _aRU | ||
| 105 | _ay j ||||| | ||
| 200 | 1 |
_aКлинические лекции о женских болезнях _fТруссо, проф. Мед. фак. в Париже _gПер. и изд. под ред. Н. Кристофа _g[Пер. Н. Булгака] |
|
| 210 |
_aМосква _cА.И. Мамонтов _d1869 (обл. 1870) |
||
| 215 |
_a[2], IV, 254 с. _d23 |
||
| 700 | 1 |
_aТруссо _bА. _f1801-1867 _gАрман |
|
| 702 | 1 |
_aКристоф _bН. _4340 |
|
| 702 | 1 |
_aБулгак _bН. _4730 |
|
| 801 | 0 |
_aRU _bNLR _gpsbo |
|
| 801 | 0 |
_aRU _bRuMoRGB _2psbo |
|
| 801 | 1 |
_aRU _bProSoft-M _2rusmarc |
|
| 852 |
_aNLR _j18.121.4.48 |
||
| 899 |
_aRuMoRGB _jE 106/207 |
||
| 899 |
_aRuMoRGB _jS 18/777 |
||
| 899 | _aБАН | ||
| 942 | _cBOOK | ||
| 980 | _aNB | ||